000 00760nam a2200241 i 4500
001 bg
100 1 _aANTONOWICZ, Lech
_d(1928- ).
245 1 0 _aPodręcznik prawa międzynarodowego /
_cLech Antonowicz.
250 _aWyd. 9 zaktualiz.
260 _aWarszawa :
_bWydaw. Prawnicze "LexisNexis",
_c2005.
300 _a260 s. ;
_c21 cm.
504 _aBibliogr. s. 250-253. Indeks.
650 9 _aPrawo międzynarodowe
655 _aPodręczniki akademickie
020 _a8373344160
040 _cBPK
041 0 _apol
080 _a341(075.8)
920 _a83-7334-416-0
942 _cKS
008 s pl f |000 0 pol
999 _c45818
_d45818
856 _uhttp://koha.tu.koszalin.pl/cgi-bin/koha/opac-detail.pl?biblionumber=45818
_yKatalog online BPK